Movies Quiz

Random Movies or Oscar Quiz

Two Oscars for Acting - Films Quiz Stats

 Plays Quiz Updated Jan 24, 2019

     
Support Sporcle.
Go Orange.
Score 0/39 Timer 08:00
2 Plays Today
Year Film Title % Correct
1991The Silence of the Lambs
89.6%
2004Million Dollar Baby
88.2%
2013Dallas Buyers Club
83.3%
1939Gone With The Wind
80%
2017Three Billboards Outside Ebbing, Missouri
78.4%
1997As Good As It Gets
75.1%
1998Shakespeare In Love
73.3%
1979Kramer vs Kramer
71.2%
1975One Flew Over The Cuckoo's Nest
70.7%
2003Mystic River
69.1%
1989My Left Foot
65.1%
1993The Piano
64.2%
1987Moonstruck
63.6%
1981On Golden Pond
61.5%
1972Cabaret
59.7%
1954On The Waterfront
59.7%
1959Ben-Hur
57%
1983Terms Of Endearment
52.9%
1976Network
48.5%
1951A Streetcar Named Desire
45.3%
Year Film Title % Correct
1961West Side Story
44%
1934It Happened One Night
43.5%
1978Coming Home
37.4%
1953From Here To Eternity
37.4%
2010The Fighter
36.8%
1962The Miracle Worker
34.5%
1986Hannah And Her Sisters
34.3%
1966Who's Afraid Of Virginia Woolf?
31.2%
1944Going My Way
27.6%
1971The Last Picture Show
24.6%
1942Mrs. Miniver
23.5%
1946The Best Years Of Our Lives
22.7%
1977Julia
21.8%
1963Hud
21.5%
1960Elmer Gantry
20.5%
1938Jezebel
19.7%
1949All The King's Men
17.4%
1957Sayonara
15.3%
1958Separate Tables
14.1%

From the Vault

US Holidays in Order

by hscer

Holiday 90s
These holiday things are really good at sneaking up on you.
Remove Ads.
Support Sporcle.
Get the best of Sporcle when you Go Orange. This ad-free experience offers more features, more stats, and more fun while also helping to support Sporcle. Thank you for becoming a member.

Show Comments

Extras

Top Quizzes Today


Score Distribution

Your Account Isn't Verified!

In order to create a playlist on Sporcle, you need to verify the email address you used during registration. Go to your Sporcle Settings to finish the process.

Report this User

Report this user for behavior that violates our Community Guidelines.

Details: